Statistiques concernant Top 10 des meilleurs buteurs de l'histoire du foot

Cliquez ici pour prendre le quiz!

Statistiques générales

  • Ce quiz a été pris 1 420 fois
  • Le résultat moyen est 4 sur 10

Statistiques - réponses

GoalsNames% Correct
800Messi
99%
757Pele
89%
830Cristiano
88%
734Muller
33%
746Puskas
32%
772Romario
15%
805Bican
12%
576Deak
1%
575Seeler
1%
575Maravilha
0%

Distribution des résultats

Percentile par nombre de réponses

% des personnes avec chaque résultat

Votre développement - résultats

Vous n’avez pas pris ce quiz